| 000 | 00792nam a22001337a 4500 | ||
|---|---|---|---|
| 040 | _cRUA | ||
| 082 | _aAGR CHI 1998 B020 Or.1 | ||
| 100 | _aCHIN, SONEATH. | ||
| 245 | _aការបំផ្លាញនិងវិធានការកំចាត់ខ្មូតឡាស្យូឌែមម៉ាស៊េរីខន លើសន្លឹកថ្នាំស្ងួត ស្តុកក្នុងឃ្លាំងរបស់ក្រុមហ៊ុនថ្នាំជក់ អង់គ្លេស-អាមេរិក (the damage and control measures of lasioderma serricorne on dried leaves of tobacco storing in the warehouse of british american tovacco company)o | ||
| 260 |
_aPhnom Penh _bRUA _c1998 |
||
| 300 |
_a57p. _bill. _c29cm. |
||
| 856 | _uSON CHIN | ||
| 942 | _cAGR | ||
| 999 |
_c385 _d385 |
||